| 000 | 01221nam a2200373 i 4500 | ||
|---|---|---|---|
| 001 | 768714001 | ||
| 003 | CO-MdFUSB | ||
| 005 | 20231024165508.0 | ||
| 007 | ta | ||
| 008 | 230502t2012 si g|||| |||| 00| | eng d | ||
| 020 | _a9789810710699 | ||
| 040 |
_aCO-MdFUSB _bspa _cCO-MdFUSB _dCO-MdFUSBC _erda |
||
| 041 | _aeng | ||
| 082 |
_223 _a782.22095 _bL833 |
||
| 100 |
_aLoh, I-to, _eautor |
||
| 245 | 3 |
_aIn search for Asian sounds and symbols in worship _c/ Loh I-to ; editado por Michael Nai-Chiu Poon |
|
| 264 | 1 |
_aSingapore : _bTrinity Theological College, _c[2012] |
|
| 264 | 4 | _c© 2012 | |
| 300 |
_a258 páginas _c; 23 cm |
||
| 336 |
_2rdacontent _atexto _btxt |
||
| 337 |
_2rdamedia _asin mediación _bn |
||
| 338 |
_2rdacarrier _avolumen _bnc |
||
| 490 | _aCSCA Christianity in Southeast Asia Series | ||
| 504 | _aIncluye bibliografía | ||
| 505 | _aPeregrinación en la contextualización -- Búsqueda de sonidos y símbolos asiáticos en el culto -- Señales -- Loh I-to y su obra | ||
| 563 | _aRustico | ||
| 653 | _aAsia | ||
| 653 | _aMusica | ||
| 653 | _aHimnos -- Asia | ||
| 700 |
_aPoon, Michael Nai-Chiu _eeditor _97979 |
||
| 942 | _cBK | ||
| 945 | _aMag 1104 | ||
| 999 |
_c68829 _d68829 |
||